Топонимы по описанию - Statistics

General Stats
  • This quiz has been taken 7 times
  • The average score is 4 of 15
Answer Stats
Описание названия Город % Correct
Горная хищная птица Орёл
100%
Обнаруженная вещь Находка
80%
Крупное древнее захоронение Курган
40%
Поверхность под толщей воды Дно
40%
Один из периодов формирования жизни на Земле Пермь
40%
Независимый Свободный
20%
Промысловая морская рыба Судак
20%
Сельскохозяйственная птица, сделанная из горного минерала Гусь-Хрустальный
20%
Возвышенное состояние крайней удовлетворённости Счастье
20%
Верховный государственный орган законодательной власти Дума
20%
Продолговатый предмет для открытия замка, излучающий тепло Горячий Ключ
20%
Валун Большой Камень
0%
Древние речные суда, ожидающие рейса Набережные Челны
0%
Зимний православный праздник Покров
0%
Объёмная геометрическая структура с острым углом Клин
0%
No matching quizzes found
Score Distribution
Percent of People with Each Score
Percentile by Number Answered
Your Score History
You have not taken this quiz